Champions League 2015-16 - Statistics

General Stats
  • This quiz has been taken 759 times
  • The average score is 24 of 32
Answer Stats
Hint Answer % Correct
Spain Real Madrid
99%
France Paris St-Germain
98%
Spain Barcelona
96%
Spain Atlético Madrid
91%
Germany Bayern Munich
91%
Portugal Benfica
91%
England Chelsea
91%
Italy Juventus
91%
Portugal Porto
91%
England Arsenal
89%
England Manchester City
88%
England Manchester United
88%
Netherlands PSV Eindhoven
83%
Italy Roma
82%
Sweden Malmö FF
81%
Turkey Galatasaray
80%
Ukraine Shakhtar Donetsk
79%
Spain Sevilla
78%
France Lyon
74%
Russia Zenit St Petersburg
74%
Spain Valencia
72%
Greece Olympiacos
70%
Germany Bayer Leverkusen
68%
Russia CSKA Moscow
65%
Croatia Dinamo Zagreb
62%
Germany Wolfsburg
61%
Ukraine Dynamo Kyiv
60%
Belarus BATE Borisov
53%
Kazakhstan Astana
48%
Belgium Gent
46%
Germany Borussia Mönchengladbach
44%
Israel Maccabi Tel Aviv
40%
No matching quizzes found
Score Distribution
Percent of People with Each Score
Percentile by Number Answered
Your Score History
You have not taken this quiz